000 00594nam a2200205Ia 4500
005 20250508152335.0
008 008 250505s9999 xx 000 0 eng d
037 _aTextual
040 _aFEDL
_beng
_cFEDL
041 _aeng
_2eng
084 _a155.2, CHR
_qFEDL
100 _aChristie Richard Ed.
245 0 _aStudies in the scope and method of : The authoritarian personality
260 _aGlencoe
_bThe Free Press
_c1954
300 _a279p.
650 _aPersonality
700 _a Jahoda Marie Ed.
_9761242
942 _cTEXL
_h155.2, CHR
999 _c1335805
_d1335805